000 00397 a2200145 4500
005 20250623163114.0
020 _a0-632-02887-4
082 _aLM 530.12 BAT
100 _aBATTAGLIA, F.
245 _aNotes in classical and quantum physics.
260 _aOxford,
_bBlackwell Scientific,
_c1990.
300 _axii, 272p.: ill.; figure.
_bIndex
_c25cm
700 _aGEORGE, T. F.
942 _2ddc
_cBKS
999 _c4273
_d4273